000 00940nam a22003737a 4500
001 BR0601523
003 BR-BrBNA
005 20230928102121.0
007 ta
008 230509b bl.||||| |||| 00| 0 por d
040 _aBR-BrBNA
_bpor
_cBiblioteca Nacional de Agricultura
041 _a(Por)
072 _aE14; E50
090 _ E14 BR0601523
100 1 _aFavaretto, A.
100 1 _aDemarco, D.
100 1 _aBittencourt, G.
100 1 _aMagalhães, R.
245 1 _aDesenvolvimento e sindicalismo rural no Brasil
260 3 _aSão Paulo, SP (Brasil):
_c1998.
300 _a193 p.
500 _a54 illus.
650 _aDESENVOLVIMENTO RURAL
650 _aPESQUISA
650 _aSOCIOLOGIA RURAL
650 _aPROJETO DE DESENVOLVIMENTO
650 _aSUL
650 _aSUDESTE
650 _aNORDESTE
650 _aNORTE
650 _aCENTRO-OESTE
909 _a202309
_bLucia
_c55
_dLucia Elande
942 _cBK
999 _c69222
_d69222